| 000 | 00383nam a2200145 i 4500 | ||
|---|---|---|---|
| 001 | bg | ||
| 245 | 0 | _aEcologically oriented education of physical planners and architects. | |
| 260 |
_aWarszawa, _c1984. |
||
| 650 | 9 | _aŚrodowisko człowieka | |
| 040 | _cBPK | ||
| 041 | _apol | ||
| 080 | _a378+377.4:711:502.5](061.3) | ||
| 942 | _cKS | ||
| 008 | s pl f |000 0 pol | ||
| 999 |
_c28040 _d28040 |
||
| 856 |
_uhttp://koha.tu.koszalin.pl/cgi-bin/koha/opac-detail.pl?biblionumber=28040 _yKatalog online BPK |
||